000 00928nam a2200169Ia 4500
008 090711s9999 xx 000 0 und d
082 _b78562
100 _aकुलकर्णी विनायक / तांबे राजीव / इनामदार
245 _aिंSाटू आणि िंSाागी / देणगी / छोटा दोस्त
260 _bसंवाद प्रकाशन
_c1996
300 _a32+34+34
600 _aकुलकर्णी विनायक / तांबे राजीव / इनामदार
630 _aिंSाटू आणि िंSाागी / देणगी / छोटा दोस्त
700 _aकुलकर्णी विनायक / तांबे राजीव / इनामदार
730 _aिंSाटू आणि िंSाागी / देणगी / छोटा दोस्त
942 _cBOOK
999 _c321349
_d321349